[Event "Hart House Holidays op"]
[Site "Toronto CAN"]
[Date "2010.12.17"]
[Round "1.4"]
[White "Plotkin, Victor"]
[Black "Twesigye, Derick"]
[Result "1-0"]
[WhiteElo "2404"]
[BlackElo "2111"]
[PlyCount "91"]
[EventDate "2010.12.17"]
[EventType "swiss"]
[EventRounds "5"]
[EventCountry "CAN"]

1. e4 c5 2. c3 d5 3. exd5 Qxd5 4. d4 Nf6 5. Nf3 Bg4 6. Be2 e6 7. h3 Bh5 8. Be3
cxd4 9. cxd4 Nc6 10. Nc3 Qd6 11. O-O Be7 12. Qb3 O-O 13. Rfd1 Nb4 14. Nb5 Qb8
15. Rac1 Nbd5 16. Bg5 a6 17. Na3 b5 18. g4 Bg6 19. Ne5 Bd6 20. Nxg6 fxg6 21.
Bf3 Bh2+ 22. Kg2 Bf4 23. Bxf6 Bxc1 24. Bxd5 exd5 25. Qxd5+ Kh8 26. Be5 Qc8 27.
Nc4 Qxc4 28. Qxc4 bxc4 29. Rxc1 Rac8 30. f4 Kg8 31. Kf3 Kf7 32. Ke4 Ke6 33. d5+
Kf7 34. Kd4 Rfd8 35. Rc3 h6 36. Ra3 Ra8 37. Ra4 Rdc8 38. Rb4 Ra7 39. Rxc4 Rxc4+
40. Kxc4 Rb7 41. Kc5 Ke8 42. Kc6 Rb4 43. b3 Kf7 44. d6 Rb8 45. d7 Rd8 46. Kc7
1-0

[Event "Hart House Holidays op"]
[Site "Toronto CAN"]
[Date "2010.12.17"]
[Round "1.5"]
[White "Florea, Alexandru"]
[Black "Calugar, Arthur"]
[Result "0-1"]
[WhiteElo "2095"]
[BlackElo "2385"]
[PlyCount "72"]
[EventDate "2010.12.17"]
[EventType "swiss"]
[EventRounds "5"]
[EventCountry "CAN"]

1. e4 c5 2. Nc3 Nc6 3. f4 g6 4. Nf3 Bg7 5. Bb5 Nd4 6. O-O Nxb5 7. Nxb5 a6 8.
Nc3 b5 9. f5 Bb7 10. d3 b4 11. Ne2 Nf6 12. Ng3 d6 13. Bg5 Qb6 14. Qd2 O-O-O 15.
a3 h6 16. Be3 Ng4 17. Rfb1 g5 18. c3 b3 19. d4 Nxe3 20. Qxe3 g4 21. dxc5 dxc5
22. Nd2 a5 23. a4 Ba6 24. Ra3 Rd3 25. Qf2 Rhd8 26. Rxb3 Qa7 27. Ndf1 Rd1 28.
Rxd1 Rxd1 29. Ra3 Be5 30. Ne2 Bd3 31. Ra2 Qa6 32. b4 axb4 33. Qxc5+ Bc7 34. c4
Qxc4 35. Qxc4 Bxc4 36. Rc2 Bb6+ 0-1

[Event "Hart House Holidays op"]
[Site "Toronto CAN"]
[Date "2010.12.17"]
[Round "1.6"]
[White "Dougherty, Michael"]
[Black "Abrahams, Daniel"]
[Result "0-1"]
[WhiteElo "2320"]
[BlackElo "2089"]
[PlyCount "110"]
[EventDate "2010.12.17"]
[EventType "swiss"]
[EventRounds "5"]
[EventCountry "CAN"]

1. Nf3 c5 2. e4 e6 3. d3 b6 4. g3 Bb7 5. Bg2 d6 6. O-O Nd7 7. Nc3 Be7 8. a4 a6
9. Nd2 Qc7 10. Nc4 Ne5 11. b3 Nxc4 12. bxc4 Bf6 13. Qe1 Ne7 14. f4 Nc6 15. Rb1
Rb8 16. Be3 Nd4 17. Bxd4 Bxd4+ 18. Kh1 O-O 19. Ne2 Bf6 20. g4 g6 21. g5 Bg7 22.
Ng3 f5 23. exf5 exf5 24. Qe6+ Kh8 25. Rbe1 Bc6 26. Bxc6 Qxc6+ 27. Qd5 Qxa4 28.
Re7 Rbe8 29. Rfe1 Rxe7 30. Rxe7 Qxc2 31. Qxd6 Qf2 32. Rxg7 Qf3+ 33. Kg1 Qe3+
34. Kg2 Kxg7 35. h4 Qd4 36. Qxb6 Rf7 37. h5 Qxf4 38. Qd8 Rf8 39. Qe7+ Kg8 40.
Qe6+ Kh8 41. Qe7 Rb8 42. Qf6+ Kg8 43. hxg6 hxg6 44. Qxg6+ Kh8 45. Qf6+ Kg8 46.
Nxf5 Qd2+ 47. Kh3 Qxd3+ 48. Ng3 Qh7+ 49. Kg4 Qf7 50. Qxa6 Re8 51. Qb5 Qe6+ 52.
Kh4 Rf8 53. Qxc5 Rf4+ 54. Kh5 Qh3+ 55. Kg6 Qh7# 0-1

[Event "Hart House Holidays op"]
[Site "Toronto CAN"]
[Date "2010.12.17"]
[Round "1.7"]
[White "Itkin, David"]
[Black "Zuniga, Dante"]
[Result "0-1"]
[WhiteElo "2038"]
[BlackElo "2313"]
[PlyCount "44"]
[EventDate "2010.12.17"]
[EventType "swiss"]
[EventRounds "5"]
[EventCountry "CAN"]

1. e4 e5 2. d4 exd4 3. Qxd4 Nc6 4. Qe3 Nf6 5. Nc3 Bb4 6. Bd2 O-O 7. O-O-O Re8
8. Bc4 d6 9. Nh3 Be6 10. Bxe6 fxe6 11. f4 d5 12. exd5 exd5 13. Qf3 Nd4 14. Qf2
Bxc3 15. Bxc3 Ne2+ 16. Kb1 Ne4 17. Qf3 N2xc3+ 18. bxc3 Qf6 19. Rd3 Re7 20. g4
Rae8 21. Rhd1 c6 22. g5 Qf5 0-1

[Event "Hart House Holidays op"]
[Site "Toronto CAN"]
[Date "2010.12.17"]
[Round "1.8"]
[White "Aronov, Yuri"]
[Black "Roller, Robert"]
[Result "1-0"]
[WhiteElo "2306"]
[BlackElo "2020"]
[PlyCount "108"]
[EventDate "2010.12.17"]
[EventType "swiss"]
[EventRounds "5"]
[EventCountry "CAN"]

1. d4 e6 2. c4 Nf6 3. Nf3 Bb4+ 4. Nbd2 b6 5. a3 Bxd2+ 6. Bxd2 Bb7 7. Bg5 h6 8.
Bh4 g5 9. Bg3 Ne4 10. e3 h5 11. h4 g4 12. Nd2 Nxg3 13. fxg3 f5 14. Qc2 Qf6 15.
O-O-O O-O 16. e4 Nc6 17. e5 Qh6 18. Qc3 a5 19. Kb1 a4 20. Re1 Ne7 21. Rg1 c5
22. d5 Rf7 23. Bd3 Re8 24. Bc2 exd5 25. cxd5 Bxd5 26. Bxa4 Nc6 27. Nc4 Be4+ 28.
Rxe4 fxe4 29. Nd6 Rfe7 30. Bb3+ Kh7 31. Bd5 Rxe5 32. Nxe8 Rxe8 33. Qc2 Qg6 34.
Re1 e3 35. Bf7 Qxc2+ 36. Kxc2 Re5 37. Kd3 Kg7 38. Ba2 e2 39. Rxe2 Rxe2 40. Kxe2
Nd4+ 41. Ke3 Kf6 42. Bg8 b5 43. Kd3 Kg7 44. Bd5 Kf6 45. Ke3 Nf5+ 46. Kf4 Nd4
47. b3 Ne2+ 48. Ke3 Nxg3 49. a4 Nf5+ 50. Kf4 bxa4 51. bxa4 Nd6 52. a5 Nc8 53.
a6 Na7 54. Bc4 Nc8 1-0

[Event "Hart House Holidays op"]
[Site "Toronto CAN"]
[Date "2010.12.17"]
[Round "1.9"]
[White "Gladstone, Simon"]
[Black "Kleinman, Michael"]
[Result "1-0"]
[WhiteElo "1988"]
[BlackElo "2268"]
[PlyCount "67"]
[EventDate "2010.12.17"]
[EventType "swiss"]
[EventRounds "5"]
[EventCountry "CAN"]

1. e4 c5 2. Nf3 d6 3. d4 cxd4 4. Nxd4 Nf6 5. Nc3 g6 6. Be3 Bg7 7. f3 Nc6 8. Qd2
O-O 9. Bc4 Bd7 10. O-O-O Rc8 11. Bb3 Nxd4 12. Bxd4 b5 13. h4 a5 14. h5 a4 15.
Bxf6 Bxf6 16. hxg6 e6 17. Qxd6 axb3 18. Qxd7 Bg5+ 19. Kb1 bxc2+ 20. Kxc2 Qxd7
21. Rxd7 b4 22. Rxh7 bxc3 23. bxc3 Bf6 24. Rhxf7 Bxc3 25. Kd3 Rxf7 26. Rxf7 Bg7
27. f4 Ra8 28. f5 Rxa2 29. fxe6 Ra6 30. e7 Re6 31. Ke3 Re5 32. Kf4 Re6 33. g3
Bf6 34. Rf8+ 1-0

[Event "Hart House Holidays op"]
[Site "Toronto CAN"]
[Date "2010.12.17"]
[Round "1.14"]
[White "Birarov, Vladimir"]
[Black "Wiebe, Daniel"]
[Result "1/2-1/2"]
[WhiteElo "2210"]
[BlackElo "1884"]
[PlyCount "65"]
[EventDate "2010.12.17"]
[EventType "swiss"]
[EventRounds "5"]
[EventCountry "CAN"]

1. d4 Nf6 2. c4 g6 3. Nc3 Bg7 4. e4 d6 5. f3 O-O 6. Be3 c5 7. Nge2 Nfd7 8. Qd2
a6 9. O-O-O b5 10. h4 Qa5 11. Kb1 Nb6 12. Nc1 bxc4 13. dxc5 Bxc3 14. Qxc3 Qxc3
15. bxc3 dxc5 16. Bxc5 Na4 17. Bd4 Be6 18. Ne2 Nc6 19. Kc1 Rab8 20. Nf4 Nxd4
21. Rxd4 Nxc3 22. Nxe6 fxe6 23. Kd2 Nb1+ 24. Ke3 Na3 25. Bxc4 Nc2+ 26. Kd3 Nxd4
27. Kxd4 Rb6 28. Ke3 Kf7 29. f4 Rc8 30. Bb3 Rd6 31. f5 gxf5 32. exf5 Rc3+ 33.
Ke4 1/2-1/2

[Event "Hart House Holidays op"]
[Site "Toronto CAN"]
[Date "2010.12.18"]
[Round "2.4"]
[White "Shebetah, Wajdy"]
[Black "Plotkin, Victor"]
[Result "0-1"]
[WhiteElo "2211"]
[BlackElo "2404"]
[PlyCount "72"]
[EventDate "2010.12.17"]
[EventType "swiss"]
[EventRounds "5"]
[EventCountry "CAN"]

1. f4 d5 2. Nf3 c5 3. e3 g6 4. Be2 Bg7 5. O-O Nc6 6. d3 Nf6 7. Nc3 O-O 8. e4 d4
9. Na4 Nd7 10. b3 b5 11. Nb2 Nb6 12. a4 a6 13. axb5 axb5 14. Rxa8 Nxa8 15. Bd2
Qb6 16. Qe1 Nc7 17. Qg3 f5 18. exf5 gxf5 19. Ne5 Nxe5 20. fxe5 Qg6 21. Qh4 Bxe5
22. Bh5 Qg7 23. Bg5 Bf6 24. Bxf6 Rxf6 25. Rf3 Kf8 26. Qf4 Rd6 27. Rg3 Qf6 28.
Nd1 Nd5 29. Qd2 Qh6 30. Qxh6+ Rxh6 31. Bf3 Be6 32. Rg5 Rf6 33. g3 Nb4 34. c3
Nxd3 35. cxd4 cxd4 36. Be2 Ne5 0-1

[Event "Hart House Holidays op"]
[Site "Toronto CAN"]
[Date "2010.12.18"]
[Round "2.5"]
[White "Calugar, Arthur"]
[Black "Derraugh, Geordie"]
[Result "1/2-1/2"]
[WhiteElo "2385"]
[BlackElo "2129"]
[PlyCount "48"]
[EventDate "2010.12.17"]
[EventType "swiss"]
[EventRounds "5"]
[EventCountry "CAN"]

1. Nf3 Nf6 2. b3 d5 3. Bb2 Bf5 4. g3 c5 5. Bg2 Nc6 6. d4 e6 7. O-O Rc8 8. e3
cxd4 9. Nxd4 Nxd4 10. Qxd4 Bc5 11. Qd1 O-O 12. Nd2 Bb4 13. e4 Nxe4 14. Nxe4
dxe4 15. c4 b6 16. Bd4 Rc7 17. a3 Be7 18. Be5 Rd7 19. Qe1 Rd3 20. b4 f6 21. Bb2
Rb3 22. Rd1 Rd3 23. Rc1 Rb3 24. Rd1 Rd3 1/2-1/2

[Event "Hart House Holidays op"]
[Site "Toronto CAN"]
[Date "2010.12.18"]
[Round "2.6"]
[White "Zuniga, Dante"]
[Black "Gladstone, Simon"]
[Result "1/2-1/2"]
[WhiteElo "2313"]
[BlackElo "1988"]
[PlyCount "52"]
[EventDate "2010.12.17"]
[EventType "swiss"]
[EventRounds "5"]
[EventCountry "CAN"]

1. d4 e6 2. e4 d5 3. Bd3 c5 4. c3 Nc6 5. Ne2 cxd4 6. cxd4 dxe4 7. Bxe4 Nf6 8.
Bf3 Bd6 9. Nbc3 O-O 10. O-O Bd7 11. Bg5 h6 12. Bxf6 Qxf6 13. Ne4 Qe7 14. N2c3
f5 15. Nxd6 Qxd6 16. d5 Ne5 17. dxe6 Nxf3+ 18. Qxf3 Bc6 19. Rad1 Qxe6 20. Qf4
Rad8 21. Rfe1 Rxd1 22. Rxd1 Re8 23. h4 Qe5 24. Qxe5 Rxe5 25. f3 Kf7 26. Kf2 Kf6
1/2-1/2

[Event "Hart House Holidays op"]
[Site "Toronto CAN"]
[Date "2010.12.18"]
[Round "2.7"]
[White "Semianiuk, Konstantin"]
[Black "Aronov, Yuri"]
[Result "1/2-1/2"]
[WhiteElo "2206"]
[BlackElo "2306"]
[PlyCount "46"]
[EventDate "2010.12.17"]
[EventType "swiss"]
[EventRounds "5"]
[EventCountry "CAN"]

1. e4 c5 2. Nf3 e6 3. b3 d6 4. d4 cxd4 5. Nxd4 Nf6 6. Bd3 Nc6 7. Bb2 Be7 8. O-O
O-O 9. Nxc6 bxc6 10. e5 dxe5 11. Bxe5 a5 12. Nd2 Ba6 13. Bxa6 Rxa6 14. Qe2 Ra7
15. Bxf6 Bxf6 16. Rad1 a4 17. Ne4 Qe7 18. Qc4 axb3 19. axb3 Rc7 20. Rd6 Rfc8
21. Qc5 g6 22. Nxf6+ Qxf6 23. Rfd1 Kg7 1/2-1/2

[Event "Hart House Holidays op"]
[Site "Toronto CAN"]
[Date "2010.12.18"]
[Round "2.10"]
[White "Egorov, Mikhail"]
[Black "Zeromskis, Egidijus"]
[Result "1/2-1/2"]
[WhiteElo "2158"]
[BlackElo "2218"]
[PlyCount "108"]
[EventDate "2010.12.17"]
[EventType "swiss"]
[EventRounds "5"]
[EventCountry "CAN"]

1. e4 Nf6 2. e5 Nd5 3. c4 Nb6 4. c5 Nd5 5. Nc3 e6 6. d4 Nxc3 7. bxc3 b6 8. cxb6
axb6 9. Nf3 Be7 10. Bd3 Ba6 11. O-O Bxd3 12. Qxd3 d6 13. exd6 cxd6 14. Qb5+ Nd7
15. Bf4 O-O 16. a4 Qc7 17. Rfc1 Rfc8 18. c4 Ra5 19. Qb4 e5 20. Bd2 exd4 21.
Nxd4 Rc5 22. Nb5 Qb8 23. Be3 Rh5 24. h3 Nc5 25. Rd1 Na6 26. Qb3 Rh4 27. Rac1
Nc5 28. Qc2 h6 29. Nd4 Bf8 30. Nf5 Rh5 31. Ng3 Re5 32. Bd4 Re6 33. Nh5 Qa8 34.
Nf4 Re4 35. Nd5 Qxa4 36. Qb1 Rce8 37. Nc3 Qc6 38. Bxc5 bxc5 39. Nxe4 Rxe4 40.
Qb5 Qc8 41. Re1 Qe6 42. Qb1 Rxe1+ 43. Rxe1 Qxc4 44. Re8 f6 45. Qd1 Qf7 46. Rd8
Qe6 47. Qf3 Kf7 48. Qa8 Qe1+ 49. Kh2 Qe5+ 50. Kg1 Be7 51. Rg8 Qe1+ 52. Kh2 Qe5+
53. Kg1 Qe1+ 54. Kh2 Qe5+ 1/2-1/2

[Event "Hart House Holidays op"]
[Site "Toronto CAN"]
[Date "2010.12.18"]
[Round "2.11"]
[White "Wiebe, Daniel"]
[Black "Martchenko, Alexander"]
[Result "0-1"]
[WhiteElo "1884"]
[BlackElo "2405"]
[PlyCount "74"]
[EventDate "2010.12.17"]
[EventType "swiss"]
[EventRounds "5"]
[EventCountry "CAN"]

1. e4 c6 2. d4 d5 3. exd5 cxd5 4. c3 Nf6 5. Bd3 Nc6 6. h3 g6 7. Nf3 Bf5 8. Bf4
Qb6 9. Bxf5 gxf5 10. Qc2 e6 11. Nbd2 Ne4 12. g4 fxg4 13. hxg4 Nxd2 14. Qxd2 Qa6
15. Bh6 Bxh6 16. Rxh6 O-O-O 17. Qc2 Rhe8 18. a3 Kb8 19. O-O-O Rc8 20. Rxh7 Re7
21. Ne5 Nxe5 22. dxe5 Rec7 23. f4 Rc4 24. Rxf7 d4 25. Rd3 dxc3 26. Rxc3 Rxc3
27. bxc3 Qxa3+ 28. Kd2 Rd8+ 29. Ke2 Qa6+ 30. Kf2 Qb6+ 31. Kf1 Qc6 32. Qb3 Qf3+
33. Ke1 Qe3+ 34. Kf1 Qc1+ 35. Kg2 Rd2+ 36. Kf3 Qf1+ 37. Kg3 Qf2+ 0-1

[Event "Hart House Holidays op"]
[Site "Toronto CAN"]
[Date "2010.12.18"]
[Round "2.15"]
[White "Fiedler, Brian"]
[Black "Posaratnanathan, Juliaan"]
[Result "1-0"]
[WhiteElo "2130"]
[BlackElo "1918"]
[PlyCount "59"]
[EventDate "2010.12.17"]
[EventType "swiss"]
[EventRounds "5"]
[EventCountry "CAN"]

1. Nf3 c5 2. c4 Nf6 3. Nc3 e6 4. g3 b6 5. Bg2 Bb7 6. O-O Be7 7. Re1 d5 8. cxd5
Nxd5 9. e4 Nxc3 10. bxc3 O-O 11. d4 cxd4 12. cxd4 Nc6 13. Bb2 Rc8 14. Rc1 Bf6
15. Qd2 Qd7 16. Rcd1 Be7 17. d5 Na5 18. d6 Bf6 19. Bxf6 gxf6 20. Qh6 Qd8 21. e5
Kh8 22. exf6 Rg8 23. Ng5 Rxg5 24. Qxg5 Qg8 25. d7 Rd8 26. Qe5 Bxg2 27. Kxg2 Qg6
28. Rc1 Qg8 29. Qc7 h6 30. Qxd8 1-0

[Event "Hart House Holidays op"]
[Site "Toronto CAN"]
[Date "2010.12.18"]
[Round "3"]
[White "Derraugh, Geordie"]
[Black "Zuniga, Dante"]
[Result "0-1"]
[WhiteElo "2129"]
[BlackElo "2313"]
[PlyCount "50"]
[EventDate "2010.12.17"]
[EventType "swiss"]
[EventRounds "5"]
[EventCountry "CAN"]

1. e4 e5 2. Nf3 Nc6 3. Bc4 Nf6 4. d3 Bc5 5. O-O d6 6. h3 h6 7. c3 Bb6 8. Be3
O-O 9. b4 Ne7 10. a4 c6 11. Qd2 Ng6 12. Re1 Bc7 13. Bb3 d5 14. exd5 Nxd5 15.
Bc5 Re8 16. b5 Qf6 17. Nh2 Ndf4 18. Be3 Bxh3 19. Bxf4 Nxf4 20. g3 Rad8 21. Bc2
Nxd3 22. Bxd3 e4 23. Na3 Rxd3 24. Qe2 Bb6 25. Kh1 Qxf2 0-1

[Event "Hart House Holidays op"]
[Site "Toronto CAN"]
[Date "2010.12.18"]
[Round "3"]
[White "Plotkin, Victor"]
[Black "Sambuev, Bator"]
[Result "0-1"]
[WhiteElo "2404"]
[BlackElo "2725"]
[PlyCount "100"]
[EventDate "2010.12.17"]
[EventType "swiss"]
[EventRounds "5"]
[EventCountry "CAN"]

1. e4 Nf6 2. e5 Nd5 3. d4 d6 4. Nf3 Bg4 5. Be2 c6 6. O-O Bxf3 7. Bxf3 dxe5 8.
dxe5 e6 9. Qe2 Nd7 10. c4 Ne7 11. Bg4 Qc7 12. f4 h5 13. Bh3 g6 14. Nc3 Nf5 15.
Bxf5 gxf5 16. Be3 O-O-O 17. Rfd1 Be7 18. a3 h4 19. b4 f6 20. b5 fxe5 21. bxc6
Qxc6 22. Nb5 Kb8 23. fxe5 h3 24. g3 Bc5 25. Bd4 f4 26. Bxc5 Qxc5+ 27. Qf2 fxg3
28. Qxc5 Nxc5 29. hxg3 Nd3 30. Kh2 a6 31. Nc3 Kc7 32. Ne4 Nxe5 33. Rxd8 Ng4+
34. Kh1 Rxd8 35. Ng5 Rd2 36. Nxe6+ Kd6 37. Nf4 Kc5 38. Rb1 Kd4 39. Kg1 h2+ 40.
Kh1 a5 41. a4 Kxc4 42. Ne6 Kc3 43. Nc5 Kc2 44. Rf1 Nf2+ 45. Rxf2 Rxf2 46. Nxb7
Kd3 47. Nxa5 Ke4 48. Nc4 Kf3 49. a5 Kxg3 50. Ne3 Rf3 0-1

[Event "Hart House Holidays op"]
[Site "Toronto CAN"]
[Date "2010.12.18"]
[Round "3.4"]
[White "Semianiuk, Konstantin"]
[Black "Calugar, Arthur"]
[Result "1-0"]
[WhiteElo "2206"]
[BlackElo "2385"]
[PlyCount "97"]
[EventDate "2010.12.17"]
[EventType "swiss"]
[EventRounds "5"]
[EventCountry "CAN"]

1. e4 c5 2. Nf3 e6 3. b3 Nc6 4. Bb2 d5 5. Bb5 Qb6 6. exd5 Qxb5 7. dxc6 Qxc6 8.
O-O Nf6 9. d4 b6 10. Ne5 Qc7 11. Qe2 a6 12. c4 Bd6 13. dxc5 Bxc5 14. Ng4 Nxg4
15. Qxg4 f6 16. Nc3 O-O 17. Kh1 f5 18. Qe2 Rf6 19. Na4 Rh6 20. Be5 Bd6 21. Rfe1
Bb7 22. f3 Be4 23. Bxd6 Qxd6 24. h3 Bb7 25. Qf2 g5 26. Rad1 Qf4 27. Nxb6 Rf8
28. Rd4 Qc7 29. Rd7 Qb8 30. Kg1 Bc6 31. c5 Rd8 32. Rxd8+ Qxd8 33. Nc4 Bb5 34.
Ne5 Rh4 35. a4 Be8 36. Qe3 Rd4 37. Nc6 Bxc6 38. Qxe6+ Kg7 39. Qxc6 Rd1 40. Rxd1
Qxd1+ 41. Kh2 Qe1 42. Qd7+ Kg6 43. Qd6+ Kg7 44. f4 Kf7 45. fxg5 Qf2 46. c6 f4
47. Qf6+ Ke8 48. Qe6+ Kf8 49. c7 1-0

[Event "Hart House Holidays op"]
[Site "Toronto CAN"]
[Date "2010.12.18"]
[Round "3.6"]
[White "Aronov, Yuri"]
[Black "Abrahams, Daniel"]
[Result "1-0"]
[WhiteElo "2306"]
[BlackElo "2089"]
[PlyCount "79"]
[EventDate "2010.12.17"]
[EventType "swiss"]
[EventRounds "5"]
[EventCountry "CAN"]

1. d4 Nf6 2. c4 e6 3. Nf3 Bb4+ 4. Nbd2 O-O 5. g3 d6 6. Bg2 Nbd7 7. O-O e5 8. e3
c6 9. a3 Ba5 10. b4 Bc7 11. e4 b6 12. Bb2 Bb7 13. Re1 Re8 14. Qc2 a6 15. Rad1
Rc8 16. Nb3 Qe7 17. c5 Qf8 18. Nfd2 d5 19. dxe5 Nxe5 20. f4 Ng6 21. e5 Nd7 22.
Nf3 bxc5 23. bxc5 Rb8 24. Nfd4 Ba8 25. e6 Nf6 26. f5 Ne5 27. Bc1 Nc4 28. exf7+
Qxf7 29. Ne6 Bd8 30. Bf1 Ba5 31. Ng5 Bxe1 32. Nxf7 Kxf7 33. Bxc4 dxc4 34. Qxc4+
Nd5 35. Kf1 Bc3 36. Rxd5 cxd5 37. Qxc3 Re4 38. Bb2 Rg8 39. Nd4 Bb7 40. Qb3 1-0

[Event "Hart House Holidays op"]
[Site "Toronto CAN"]
[Date "2010.12.18"]
[Round "3.7"]
[White "Martchenko, Alexander"]
[Black "Gladstone, Simon"]
[Result "1-0"]
[WhiteElo "2405"]
[BlackElo "1988"]
[PlyCount "59"]
[EventDate "2010.12.17"]
[EventType "swiss"]
[EventRounds "5"]
[EventCountry "CAN"]

1. e4 e6 2. d4 d5 3. Nc3 Bb4 4. e5 c5 5. a3 Bxc3+ 6. bxc3 Ne7 7. h4 Qa5 8. Bd2
Qa4 9. Nf3 Nbc6 10. Bd3 cxd4 11. cxd4 Nxd4 12. Bb4 Nxf3+ 13. Qxf3 Nc6 14. Rb1
Nd4 15. Qg3 Nxc2+ 16. Bxc2 Qxc2 17. O-O Qg6 18. Qf3 f5 19. Bd6 Qf7 20. Rfc1 Kd8
21. Qg3 b6 22. Rc7 Bd7 23. Rbc1 Rg8 24. Rb7 Ke8 25. Rcc7 Rd8 26. Qg5 Ra8 27.
Rxd7 Qxd7 28. Rxd7 Kxd7 29. Qe7+ Kc6 30. Qxe6 1-0

[Event "Hart House Holidays op"]
[Site "Toronto CAN"]
[Date "2010.12.18"]
[Round "3.11"]
[White "Zeromskis, Egidijus"]
[Black "Fiedler, Brian"]
[Result "1/2-1/2"]
[WhiteElo "2218"]
[BlackElo "2130"]
[PlyCount "131"]
[EventDate "2010.12.17"]
[EventType "swiss"]
[EventRounds "5"]
[EventCountry "CAN"]

1. f4 g6 2. Nf3 c5 3. e3 Bg7 4. Be2 Nf6 5. O-O d6 6. d3 Nc6 7. c3 e5 8. fxe5
dxe5 9. e4 h6 10. Na3 Be6 11. b3 Qa5 12. Qc2 O-O 13. Nc4 Bxc4 14. dxc4 Rad8 15.
Ne1 Qc7 16. g3 b6 17. Ng2 Ne8 18. Ne3 Ne7 19. Bb2 Nd6 20. g4 Qc8 21. Rad1 Qc6
22. Bf3 Nb7 23. Nd5 Nxd5 24. cxd5 Qf6 25. Qg2 Qh4 26. Be2 Nd6 27. Rd3 f5 28.
gxf5 gxf5 29. Rg3 Qe7 30. exf5 Nxf5 31. Rgf3 Nh4 32. Rxf8+ Rxf8 33. Rxf8+ Qxf8
34. Qg4 Nf5 35. Bd3 Nd6 36. Qe6+ Kh8 37. Qg6 Kg8 38. Bc1 e4 39. Bxe4 Nxe4 40.
Qxe4 Bxc3 41. Qe6+ Kh7 42. Be3 Qg7+ 43. Kf2 Bd4 44. Qe4+ Qg6 45. Qxg6+ Kxg6 46.
Bxd4 cxd4 47. Ke2 Kf5 48. Kd3 Ke5 49. d6 Kxd6 50. Kxd4 Kc6 51. Ke5 Kc5 52. a3
h5 53. h4 b5 54. Kf5 b4 55. a4 Kd4 56. Kg5 Kc3 57. Kxh5 Kxb3 58. Kg5 Kxa4 59.
h5 b3 60. h6 b2 61. h7 b1=Q 62. h8=Q Qg1+ 63. Kf4 Qc1+ 64. Kf5 Qc5+ 65. Ke4
Qc2+ 66. Ke3 1/2-1/2

[Event "Hart House Holidays op"]
[Site "Toronto CAN"]
[Date "2010.12.19"]
[Round "4"]
[White "Radpey, Abdolreza"]
[Black "Armstrong, Robert J"]
[Result "0-1"]
[WhiteElo "1606"]
[BlackElo "1832"]
[PlyCount "42"]
[EventDate "2010.12.17"]
[EventType "swiss"]
[EventRounds "5"]
[EventCountry "CAN"]

1. c4 g6 2. d4 Bg7 3. Nc3 Nf6 4. e4 d6 5. Nf3 O-O 6. Be2 e5 7. d5 h6 8. Rb1 Kh7
9. Bd3 Nh5 10. Ne2 Bd7 11. Qc2 Qh4 12. Qb3 b6 13. g3 Nxg3 14. Nxg3 Qh5 15. Nh4
Bf5 16. Qa3 a5 17. b4 axb4 18. Qxb4 Bf6 19. Qd2 Bh3 20. Qf4 Qxh4 21. Qxh4 Bxh4
0-1

[Event "Hart House Holidays op"]
[Site "Toronto CAN"]
[Date "2010.12.19"]
[Round "4.3"]
[White "Zuniga, Dante"]
[Black "Semianiuk, Konstantin"]
[Result "1-0"]
[WhiteElo "2313"]
[BlackElo "2206"]
[PlyCount "55"]
[EventDate "2010.12.17"]
[EventType "swiss"]
[EventRounds "5"]
[EventCountry "CAN"]

1. d4 d5 2. c4 c6 3. Nf3 Nf6 4. Nc3 a6 5. e3 b5 6. b3 Bg4 7. Be2 e6 8. O-O Nbd7
9. Bb2 Be7 10. Ne5 Nxe5 11. dxe5 Bxe2 12. Nxe2 Nd7 13. Nd4 Rc8 14. cxd5 cxd5
15. Rc1 Bc5 16. b4 Bxd4 17. Qxd4 Rc4 18. Rxc4 bxc4 19. e4 Qb6 20. Qc3 Qc6 21.
exd5 Qxd5 22. Rc1 Nb6 23. Qd4 Qb5 24. Qd6 Rf8 25. Bd4 Nd7 26. Bc5 Nxc5 27. bxc5
Qd7 28. c6 1-0

[Event "Hart House Holidays op"]
[Site "Toronto CAN"]
[Date "2010.12.19"]
[Round "4.4"]
[White "Sapozhnikov, Roman"]
[Black "Plotkin, Victor"]
[Result "1/2-1/2"]
[WhiteElo "2405"]
[BlackElo "2404"]
[PlyCount "61"]
[EventDate "2010.12.17"]
[EventType "swiss"]
[EventRounds "5"]
[EventCountry "CAN"]

1. e4 e5 2. Nf3 d6 3. d4 exd4 4. Nxd4 Nf6 5. Nc3 Be7 6. Bf4 O-O 7. Qd2 a6 8.
O-O-O b5 9. f3 d5 10. e5 Nh5 11. Be3 c5 12. g4 cxd4 13. Qxd4 Be6 14. gxh5 Nc6
15. Qd2 d4 16. Bxd4 Qa5 17. Rg1 Kh8 18. Qe3 b4 19. Bd3 Nxd4 20. Rxg7 Nf5 21.
Nd5 Nxg7 22. Nxe7 Rad8 23. h6 Ne8 24. Nc6 Rxd3 25. Rxd3 Qxa2 26. Rd8 Qa1+ 27.
Kd2 Qxb2 28. Qg5 Qc3+ 29. Kc1 Qa1+ 30. Kd2 Qc3+ 31. Kc1 1/2-1/2

[Event "Hart House Holidays op"]
[Site "Toronto CAN"]
[Date "2010.12.19"]
[Round "4.5"]
[White "Martchenko, Alexander"]
[Black "Guo, Joshua"]
[Result "1-0"]
[WhiteElo "2405"]
[BlackElo "2232"]
[PlyCount "115"]
[EventDate "2010.12.17"]
[EventType "swiss"]
[EventRounds "5"]
[EventCountry "CAN"]

1. e4 c5 2. Nf3 d6 3. d4 cxd4 4. Nxd4 Nf6 5. Nc3 a6 6. Bg5 e6 7. f4 Qc7 8. Qe2
Nc6 9. O-O-O Bd7 10. g4 Be7 11. Bg2 O-O 12. Bh4 Nxd4 13. Rxd4 Bc6 14. g5 Nd7
15. f5 e5 16. Rd3 f6 17. gxf6 Bxf6 18. Bf2 Nc5 19. Bxc5 dxc5 20. Nd5 Bxd5 21.
exd5 Qd6 22. Be4 b5 23. Rg1 Kh8 24. Rh3 Ra7 25. Qh5 h6 26. Qg6 Rd8 27. Rh5 Rf8
28. Rg3 Re7 29. Rgh3 Rff7 30. Kb1 c4 31. Rg5 Rf8 32. Rgh5 Rff7 33. Qg4 Rc7 34.
Rg3 Rf8 35. Qh3 Rff7 36. Qg2 Rf8 37. Qd2 Re7 38. Rg6 Rd7 39. Rh3 Rc7 40. a3
Rff7 41. Qb4 Qxb4 42. axb4 Rcd7 43. Ka2 Rd6 44. Rgg3 Ra7 45. Ra3 Kg8 46. b3
cxb3+ 47. Kxb3 Rc7 48. Rc3 Rxc3+ 49. Kxc3 Kf8 50. Kd3 Ke8 51. Bf3 Kd8 52. Ke4
Rb6 53. Bh5 Be7 54. Rg3 Bf6 55. Bf7 Rb7 56. Be6 Ra7 57. d6 a5 58. Rc3 1-0

[Event "Hart House Holidays op"]
[Site "Toronto CAN"]
[Date "2010.12.19"]
[Round "4.6"]
[White "Calugar, Arthur"]
[Black "Shebetah, Wajdy"]
[Result "1-0"]
[WhiteElo "2385"]
[BlackElo "2211"]
[PlyCount "75"]
[EventDate "2010.12.17"]
[EventType "swiss"]
[EventRounds "5"]
[EventCountry "CAN"]

1. e4 Nf6 2. e5 Nd5 3. d4 Nb6 4. f4 d5 5. Nf3 Bf5 6. b3 e6 7. a4 c5 8. Ba3 N6d7
9. dxc5 Bxc5 10. Bxc5 Nxc5 11. Bb5+ Nbd7 12. Nd4 Bg6 13. O-O O-O 14. Nc3 Ne4
15. Nxe4 Bxe4 16. Bxd7 Qxd7 17. Nb5 Qc6 18. Rf2 Qb6 19. Nd6 Rad8 20. a5 Qb4 21.
Ra4 Qc3 22. Nxb7 Rc8 23. Ra2 Rc6 24. Nd6 Bg6 25. Qd2 Qxd2 26. Rxd2 f6 27. c4
fxe5 28. fxe5 dxc4 29. Nxc4 Rb8 30. Rd7 Rxb3 31. Nd6 h6 32. Rxa7 Rc1+ 33. Kf2
Rbb1 34. h3 Rb3 35. a6 Bd3 36. Rb7 Rf1+ 37. Kg3 Rc3 38. Kh2 1-0

[Event "Hart House Holidays op"]
[Site "Toronto CAN"]
[Date "2010.12.19"]
[Round "4.8"]
[White "Kleinman, Michael"]
[Black "Derraugh, Geordie"]
[Result "1-0"]
[WhiteElo "2268"]
[BlackElo "2129"]
[PlyCount "87"]
[EventDate "2010.12.17"]
[EventType "swiss"]
[EventRounds "5"]
[EventCountry "CAN"]

1. e4 e5 2. Nf3 Nc6 3. Bb5 a6 4. Ba4 Nf6 5. O-O Be7 6. Re1 b5 7. Bb3 O-O 8. a3
d5 9. exd5 Nxd5 10. Nxe5 Nxe5 11. Rxe5 c6 12. Re1 Bd6 13. Nc3 Qh4 14. g3 Qh3
15. d4 Nxc3 16. bxc3 Bb7 17. c4 Rad8 18. Qf3 Qd7 19. c5 Be7 20. c3 Bf6 21. Bf4
Rfe8 22. Bd6 a5 23. Bc2 Qc8 24. Be4 b4 25. axb4 axb4 26. Qd3 g6 27. cxb4 Re6
28. Red1 Rexd6 29. cxd6 Rxd6 30. Qf3 Bxd4 31. Rac1 Rf6 32. Qd3 Bxf2+ 33. Kg2
Bb6 34. Rd2 Qg4 35. h3 Qg5 36. b5 Be3 37. bxc6 Bc8 38. h4 Qh6 39. Rcd1 Bxd2 40.
Qxd2 Qxd2+ 41. Rxd2 Re6 42. Rd8+ Kg7 43. Bd5 Re5 44. c7 1-0